000 00313nam a2200145Ia 4500
100 _aBanerjee/Bhabatosh
650 _aEconomics
942 _cBK
654 _aAccounting
245 _aCost Accounting
260 _bWorld Press Pvt.Ltd
_aCalcutta
_c1974
082 _a657.4
300 _a788
546 _aENGLISH
999 _c27215
_d27215